Návrh revitalizácie: priestoru Mánesovho námestia, Bratislava, MČ Petržalka

Salvato in:
Dettagli Bibliografici
Autore principale: Oravczová, Jana, 1990- (Autore)
Altri autori: Gécová, Katarína, 1960- (Relatore della tesi)
Natura: Manoscritto Libro
Lingua:slovacco
Pubblicazione: Bratislava : STU v Bratislave FA, 2013
Soggetti:
Accesso online:VAIS
Tags: Aggiungi Tag
Nessun Tag, puoi essere il primo ad aggiungerne!!

MARC

LEADER 00000ntm a22000003a 4500
001 stu268742
005 20210318111412.1
008 130618s2013----xo------------------slo-d
040 |a STU  |b slo 
041 0 |a slo 
044 |a xo 
100 1 |a Oravczová, Jana,  |d 1990-  |4 aut  |u A  |T FAD Fakulta architektúry  |X 68865  |U A  |Y 50  |7 A000068865 
242 0 0 |a Mánes Square, Petržalka, Bratislava  |y eng 
245 1 |a Návrh revitalizácie: priestoru Mánesovho námestia, Bratislava, MČ Petržalka 
260 |a Bratislava :  |b STU v Bratislave FA,  |c 2013 
650 7 |a krajinná architektúra a krajinné plánovanie  |2 stusub 
650 7 |a Landscape Architecture and Landscape Planning  |2 estusub 
650 7 |a vegetácia  |2 stusub 
650 7 |a výsadba  |2 stusub 
650 7 |a revitalizácia  |2 stusub 
650 7 |a námestie  |2 stusub 
700 1 |a Gécová, Katarína,  |d 1960-  |4 ths  |u A7170  |U FAD Fakulta architektúry  |U FAD Fakulta architektúry  |T FA Ústav krajinnej a záhradnej architektúry  |X 369  |U A7170  |Y 398  |7 A000000369 
856 4 |a info a plný text  |u http://is.stuba.sk/zp/portal_zp.pl?podrobnosti=70429  |u https://opac.crzp.sk/?fn=detailBiblioForm&sid=8ED2C2B0C8CAA517FF680285FDCF  |3 VAIS